[Event "Internationaal Jeugdtoernooi Limburg 3"]
[Site "Blerick"]
[Date "1997.07.24"]
[Round "1"]
[White "Bergez, Luc"]
[Black "Willemze, Thomas"]
[Result "1-0"]
[WhiteElo "2310"]
[BlackElo "1957"]
[PlyCount "166"]
[EventDate "1997.07.24"]
[EventType "swiss"]
[EventRounds "7"]
[EventCountry "NED"]
[Source "P.Boonen"]
[SourceDate "2009.01.01"]

1. e4 c5 2. c3 Nf6 3. e5 Nd5 4. d4 cxd4 5. Nf3 e6 6. cxd4 Nc6 7. Bc4 Nb6 8. Bb3
Be7 9. O-O d6 10. exd6 Bxd6 11. Nc3 Ne7 12. Qe2 O-O 13. Ne5 Nbd5 14. Ne4 Bb8
15. Rd1 b6 16. Qh5 f6 17. Nd3 Bb7 18. Nc3 Qc8 19. Bd2 Nxc3 20. Bxc3 Nd5 21. Qh3
Re8 22. Re1 a5 23. a3 Qd7 24. Bd2 Bd6 25. Rad1 Qf7 26. Qg4 Kh8 27. Nf4 Bxf4 28.
Bxf4 Rad8 29. Bg3 f5 30. Qf3 Qe7 31. Be5 Nb4 32. Qf4 Nd5 33. Qg3 Rc8 34. h4 Qf7
35. Rd3 Re7 36. Qg5 Qg6 37. Qd2 Qf7 38. Rg3 Qg8 39. h5 f4 40. Rg5 h6 41. Rg6
Qh7 42. Bd6 Ree8 43. Rgxe6 Qg8 44. Re7 Bc6 45. Bxf4 Rxe7 46. Rxe7 Qf8 47. Re4
Qf5 48. Bxd5 Qxd5 49. f3 Qxh5 50. Re7 Qh4 51. Qe3 Rf8 52. Bd6 Rf6 53. Be5 Rg6
54. Rc7 Qh3 55. Qe2 Qf5 56. Bxg7+ Kg8 57. Rxc6 Rxc6 58. Qe8+ Kxg7 59. Qxc6 Qb1+
60. Kh2 Qxb2 61. Qc7+ Kg8 62. d5 Qd4 63. Qd8+ Kh7 64. Qd7+ Kh8 65. Qe6 Qh4+ 66.
Kg1 Qd4+ 67. Kf1 Qd1+ 68. Kf2 Qd2+ 69. Kg3 Qg5+ 70. Kh2 Qh4+ 71. Qh3 Qg5 72. d6
Qe5+ 73. Qg3 Qh5+ 74. Kg1 Qc5+ 75. Kh1 Qh5+ 76. Qh2 Qe8 77. Qxh6+ Kg8 78. Qg5+
Kf7 79. Kh2 Qh8+ 80. Kg3 Qd4 81. Qf4+ Qxf4+ 82. Kxf4 b5 83. Ke3 Ke6 1-0

[Event "Internationaal Jeugdtoernooi Limburg 3"]
[Site "Blerick"]
[Date "1997.07.24"]
[Round "1"]
[White "Berkvens, Joost"]
[Black "Leenhouts, Koen"]
[Result "1-0"]
[WhiteElo "2078"]
[BlackElo "1735"]
[PlyCount "45"]
[EventDate "1997.07.24"]
[EventType "swiss"]
[EventRounds "7"]
[EventCountry "NED"]
[Source "P.Boonen"]
[SourceDate "2009.01.01"]

1. e4 e6 2. d4 d5 3. Nd2 Nf6 4. e5 Nfd7 5. Bd3 c5 6. c3 b6 7. Ne2 Ba6 8. Bxa6
Nxa6 9. O-O Qc7 10. f4 g6 11. Nf3 Be7 12. Be3 O-O-O 13. b4 cxb4 14. Rc1 Kb8 15.
cxb4 Qb7 16. b5 Nc7 17. a4 Ne8 18. Ng5 Bxg5 19. fxg5 Rf8 20. Bd2 a5 21. bxa6
Qxa6 22. Bb4 Ng7 23. Bd6+ 1-0

[Event "Internationaal Jeugdtoernooi Limburg 3"]
[Site "Blerick"]
[Date "1997.07.24"]
[Round "1"]
[White "De Wit, William"]
[Black "Holtackers, Daan"]
[Result "1-0"]
[WhiteElo "2108"]
[BlackElo "1784"]
[PlyCount "41"]
[EventDate "1997.07.24"]
[EventType "swiss"]
[EventRounds "7"]
[EventCountry "NED"]
[Source "P.Boonen"]
[SourceDate "2009.01.01"]

1. e4 c5 2. Nf3 e6 3. d4 cxd4 4. Nxd4 Nf6 5. Nc3 d6 6. g4 a6 7. g5 Nfd7 8. h4
Nc6 9. Be3 Be7 10. Qh5 g6 11. Qe2 h5 12. gxh6 Bf6 13. O-O-O Qc7 14. h5 g5 15.
Rg1 b5 16. Nxc6 Qxc6 17. e5 Bxe5 18. Bg2 d5 19. Nxd5 exd5 20. Bxd5 Qf6 21. Bxg5
1-0

[Event "Internationaal Jeugdtoernooi Limburg 3"]
[Site "Blerick"]
[Date "1997.07.24"]
[Round "1"]
[White "Heltzel, Joost"]
[Black "Solakian, Jerome"]
[Result "0-1"]
[WhiteElo "1890"]
[BlackElo "2215"]
[PlyCount "48"]
[EventDate "1997.07.24"]
[EventType "swiss"]
[EventRounds "7"]
[EventCountry "NED"]
[Source "P.Boonen"]
[SourceDate "2009.01.01"]

1. e4 e6 2. Nf3 d5 3. e5 c5 4. b4 cxb4 5. a3 d4 6. axb4 Bxb4 7. Ba3 Nc6 8. Bb5
Bxa3 9. Nxa3 Nge7 10. Nc4 O-O 11. O-O Bd7 12. Nd6 Qc7 13. Bd3 Nxe5 14. Bxh7+
Kxh7 15. Ng5+ Kg6 16. Nde4 f5 17. Ra3 d3 18. Ng3 Kxg5 19. Qh5+ Kf6 20. f4 N5g6
21. Ra5 Qxa5 22. Ne4+ Kf7 23. Nd6+ Kg8 24. Qf3 Qb6+ 0-1

[Event "Internationaal Jeugdtoernooi Limburg 3"]
[Site "Blerick"]
[Date "1997.07.24"]
[Round "1"]
[White "Lemmers, Ruud"]
[Black "Backhuis, Roel"]
[Result "1-0"]
[WhiteElo "1971"]
[BlackElo "1463"]
[PlyCount "113"]
[EventDate "1997.07.24"]
[EventType "swiss"]
[EventRounds "7"]
[EventCountry "NED"]
[Source "P.Boonen"]
[SourceDate "2009.01.01"]

1. e4 c5 2. Nc3 Nc6 3. f4 g6 4. Nf3 Bg7 5. Bc4 e6 6. d3 Nge7 7. f5 exf5 8. Bg5
d6 9. O-O Be6 10. exf5 Bxf5 11. Nd5 Be6 12. Qe1 Qd7 13. Nf6+ Bxf6 14. Bxf6 Rg8
15. Ng5 d5 16. Bb5 h6 17. Nh7 O-O-O 18. Be5 Rdf8 19. Nf6 Qd8 20. Nxg8 Rxg8 21.
Bf6 Qd6 22. c3 g5 23. Qe2 Ng6 24. Bxc6 Qxc6 25. d4 c4 26. Qh5 Qb5 27. Rf2 Nf4
28. Qxh6 Nd3 29. Qh7 Re8 30. Rd2 Qd7 31. Bxg5 Bf5 32. Qh4 Rg8 33. Rf1 Be4 34.
Bf4 f5 35. Bg3 Qg7 36. Qh5 Rh8 37. Qd1 Rg8 38. Qh5 Rh8 39. Qd1 Rg8 40. b3 f4
41. Rxd3 cxd3 42. Rxf4 b5 43. Qc1 Kb7 44. Qf1 Kc8 45. Rf7 Qg5 46. Rf4 Qg7 47.
Qc1 Kb7 48. Qe3 Rf8 49. Rxe4 dxe4 50. Qxe4+ Kb6 51. Qxd3 Qg5 52. h3 Rg8 53. Kh2
Qg6 54. Qxg6+ Rxg6 55. Be5 Kc6 56. c4 a6 57. h4 1-0

[Event "Internationaal Jeugdtoernooi Limburg 3"]
[Site "Blerick"]
[Date "1997.07.24"]
[Round "1"]
[White "Paulus, Sami"]
[Black "Hoogendoorn, Joost"]
[Result "0-1"]
[WhiteElo "1950"]
[BlackElo "2302"]
[PlyCount "82"]
[EventDate "1997.07.24"]
[EventType "swiss"]
[EventRounds "7"]
[EventCountry "NED"]
[Source "P.Boonen"]
[SourceDate "2009.01.01"]

1. d4 Nf6 2. c4 c5 3. d5 b5 4. cxb5 a6 5. bxa6 g6 6. b3 Bg7 7. Bb2 O-O 8. g3
Nxa6 9. Bg2 Bb7 10. Nh3 Nb4 11. e4 Ba6 12. Bf1 Qa5 13. Nd2 Nxe4 14. Bxg7 Kxg7
15. Bxa6 Nxa6 16. Qc2 Nxd2 17. Qxd2 Qxd2+ 18. Kxd2 Nb4 19. Nf4 Ra3 20. Nd3 Rfa8
21. Nxb4 cxb4 22. Kd3 Rxa2 23. Rxa2 Rxa2 24. Kc4 Rxf2 25. Kxb4 Kf6 26. Kc5 d6+
27. Kc6 Ra2 28. Kd7 Rb2 29. Rf1+ Ke5 30. Kxe7 Rxb3 31. Re1+ Kxd5 32. Rd1+ Ke5
33. Re1+ Kf5 34. Kxd6 Kg4 35. Re4+ Kf3 36. Rf4+ Kg2 37. Rh4 h5 38. Ke7 Rf3 39.
Kd6 Re3 40. Kd7 f5 41. Kd6 Re4 0-1

[Event "Internationaal Jeugdtoernooi Limburg 3"]
[Site "Blerick"]
[Date "1997.07.24"]
[Round "1"]
[White "Pietersma, Menno"]
[Black "Gerritse, Xanthine"]
[Result "1-0"]
[WhiteElo "2054"]
[BlackElo "1702"]
[PlyCount "81"]
[EventDate "1997.07.24"]
[EventType "swiss"]
[EventRounds "7"]
[EventCountry "NED"]
[Source "P.Boonen"]
[SourceDate "2009.01.01"]

1. e4 e5 2. Nf3 Nc6 3. d4 exd4 4. c3 dxc3 5. Nxc3 Bb4 6. Bc4 Nf6 7. e5 d5 8.
exf6 dxc4 9. Qe2+ Be6 10. fxg7 Rg8 11. Bh6 Qf6 12. Qe3 O-O-O 13. Bg5 Qxg7 14.
Bxd8 Rxd8 15. Rd1 Rxd1+ 16. Kxd1 Qxg2 17. Rg1 Qh3 18. Ne2 Bg4 19. Nfd4 Qxe3 20.
fxe3 Bxe2+ 21. Kxe2 Nxd4+ 22. exd4 h6 23. Rf1 Be7 24. Rxf7 Bg5 25. Kd1 b5 26.
d5 b4 27. Kc2 Kb8 28. h3 Kc8 29. Rh7 Kb8 30. h4 Bxh4 31. Rxh6 Bg3 32. Rc6 c3
33. bxc3 bxc3 34. Kxc3 Kb7 35. Kc4 Bd6 36. Kb5 Bf4 37. a4 Bd6 38. a5 Bf4 39.
Rf6 Bd6 40. a6+ Kc8 41. Rxd6 1-0

[Event "Internationaal Jeugdtoernooi Limburg 3"]
[Site "Blerick"]
[Date "1997.07.24"]
[Round "1"]
[White "Schilperoort, Jeroen"]
[Black "De Jong, Jan Willem"]
[Result "1-0"]
[WhiteElo "1613"]
[BlackElo "1980"]
[PlyCount "57"]
[EventDate "1997.07.24"]
[EventType "swiss"]
[EventRounds "7"]
[EventCountry "NED"]
[Source "P.Boonen"]
[SourceDate "2009.01.01"]

1. e4 Nf6 2. e5 Nd5 3. c4 Nb6 4. d4 d6 5. exd6 cxd6 6. Nc3 g6 7. Bd3 Bg7 8.
Nge2 O-O 9. h4 d5 10. c5 N6d7 11. Be3 Nc6 12. h5 e5 13. hxg6 hxg6 14. Bc2 exd4
15. Nxd4 Nxd4 16. Bxd4 Re8+ 17. Kf1 Ne5 18. Bb3 Be6 19. f4 Ng4 20. Kg1 Qc7 21.
Bxg7 Kxg7 22. Qd4+ Nf6 23. Bxd5 Rad8 24. Ne4 Qxf4 25. Rh7+ Kf8 26. Qxf6 Qxf6
27. Nxf6 Bxd5 28. Nxd5 Rc8 29. Kf2 1-0

[Event "Internationaal Jeugdtoernooi Limburg 3"]
[Site "Blerick"]
[Date "1997.07.24"]
[Round "1"]
[White "Snoeck, Rene"]
[Black "Schreiber, Christophe"]
[Result "0-1"]
[WhiteElo "1744"]
[BlackElo "2100"]
[PlyCount "124"]
[EventDate "1997.07.24"]
[EventType "swiss"]
[EventRounds "7"]
[EventCountry "NED"]
[Source "P.Boonen"]
[SourceDate "2009.01.01"]

1. d4 d5 2. c4 e6 3. Nc3 Nf6 4. Bg5 c6 5. Nf3 Nbd7 6. e3 Qa5 7. a3 Ne4 8. Qc2
Nxg5 9. Nxg5 dxc4 10. Nf3 b5 11. Be2 b4 12. Ne4 bxa3+ 13. Kf1 Rb8 14. bxa3 Ba6
15. g3 Be7 16. Bxc4 Bxc4+ 17. Qxc4 Qd5 18. Ned2 Nb6 19. Qxd5 cxd5 20. Ne5 Rc8
21. Ke2 f6 22. Nd3 Na4 23. Rhc1 Kd7 24. Nb3 Rxc1 25. Rxc1 Bxa3 26. Ra1 Nc3+ 27.
Kf3 Nb5 28. Nbc5+ Kd6 29. Nb7+ Ke7 30. Rb1 a6 31. Nbc5 Ra8 32. Nb4 Bxb4 33.
Rxb4 Nd6 34. Rb6 a5 35. Na4 Ra7 36. g4 Nc4 37. Rb8 Nd2+ 38. Ke2 Ne4 39. f3 Nd6
40. Rg8 Ne8 41. Rh8 h6 42. h4 Rb7 43. g5 fxg5 44. hxg5 hxg5 45. Nc5 Rb6 46. Rh1
Rb2+ 47. Kd3 Rf2 48. Ra1 Rxf3 49. Rxa5 Nd6 50. Ra7+ Kf6 51. Ra6 Nc4 52. Rxe6+
Kf7 53. Ke2 g4 54. e4 Rf4 55. exd5 g3 56. Re4 Rf2+ 57. Ke1 Nd2 58. Rg4 Nf3+ 59.
Kd1 g2 60. Ne4 Ra2 61. d6 g1=Q+ 62. Rxg1 Nxg1 0-1

[Event "Internationaal Jeugdtoernooi Limburg 3"]
[Site "Blerick"]
[Date "1997.07.24"]
[Round "1"]
[White "Strijbos, Maarten"]
[Black "Morks, Ewout"]
[Result "1-0"]
[WhiteElo "2293"]
[BlackElo "1905"]
[PlyCount "25"]
[EventDate "1997.07.24"]
[EventType "swiss"]
[EventRounds "7"]
[EventCountry "NED"]
[Source "P.Boonen"]
[SourceDate "2009.01.01"]

1. e4 e5 2. Bc4 Nc6 3. Nf3 Bc5 4. b4 Bxb4 5. c3 Ba5 6. O-O Nf6 7. d4 d5 8. exd5
Nxd5 9. Qb3 Nce7 10. Ba3 Be6 11. Nxe5 c6 12. Bxd5 cxd5 13. Qb5+ 1-0

[Event "Internationaal Jeugdtoernooi Limburg 3"]
[Site "Blerick"]
[Date "1997.07.24"]
[Round "1"]
[White "Van Beek, Alexander"]
[Black "Van Gemen, Felix"]
[Result "0-1"]
[WhiteElo "1970"]
[BlackElo "1672"]
[PlyCount "52"]
[EventDate "1997.07.24"]
[EventType "swiss"]
[EventRounds "7"]
[EventCountry "NED"]
[Source "P.Boonen"]
[SourceDate "2009.01.01"]

1. e4 e6 2. d4 d5 3. Nc3 Bb4 4. e5 c5 5. a3 Bxc3+ 6. bxc3 Qc7 7. Nf3 Nc6 8. Be2
Bd7 9. O-O Nce7 10. a4 Nh6 11. Ba3 b6 12. a5 O-O 13. Ne1 Rfe8 14. f4 c4 15. g4
Bc6 16. Ng2 f5 17. exf6 gxf6 18. Qe1 Kh8 19. Bc1 f5 20. Qh4 Nhg8 21. Ne1 Ng6
22. Qh3 Nf6 23. gxf5 exf5 24. Qxf5 Qg7 25. Bd1 h6 26. Ng2 Bd7 0-1

[Event "Internationaal Jeugdtoernooi Limburg 3"]
[Site "Blerick"]
[Date "1997.07.24"]
[Round "1"]
[White "Van Gils, Philip"]
[Black "Utama, Ivan"]
[Result "0-1"]
[WhiteElo "1699"]
[BlackElo "2049"]
[PlyCount "56"]
[EventDate "1997.07.24"]
[EventType "swiss"]
[EventRounds "7"]
[EventCountry "NED"]
[Source "P.Boonen"]
[SourceDate "2009.01.01"]

1. Nc3 e5 2. e4 Bc5 3. Nf3 d6 4. d4 exd4 5. Nxd4 Nf6 6. Bc4 c6 7. Nb3 Bb4 8.
O-O Bxc3 9. bxc3 O-O 10. Bd3 d5 11. e5 Ng4 12. Re1 Qh4 13. h3 Nxf2 14. Qd2 Nxd3
15. cxd3 Bf5 16. Rf1 Bg6 17. e6 fxe6 18. Rxf8+ Kxf8 19. Ba3+ Kg8 20. Qe3 Bf7
21. Nc5 Qe7 22. Re1 Nd7 23. Nxe6 Qxa3 24. Nxg7 Qxc3 25. Nf5 Kh8 26. Rc1 Qe5 27.
Qg5 Rg8 28. Nh6 Qd4+ 0-1

[Event "Internationaal Jeugdtoernooi Limburg 3"]
[Site "Blerick"]
[Date "1997.07.24"]
[Round "1"]
[White "Vinck, Martin"]
[Black "Buzing, Pieter"]
[Result "1-0"]
[WhiteElo "1708"]
[BlackElo "2072"]
[PlyCount "77"]
[EventDate "1997.07.24"]
[EventType "swiss"]
[EventRounds "7"]
[EventCountry "NED"]
[Source "P.Boonen"]
[SourceDate "2009.01.01"]

1. e4 Nf6 2. e5 Nd5 3. d4 d6 4. c4 Nb6 5. f4 dxe5 6. fxe5 Nc6 7. Be3 Bf5 8. Nf3
e6 9. Nc3 Bb4 10. Be2 O-O 11. O-O Na5 12. Bg5 Qd7 13. c5 Bxc3 14. bxc3 Nd5 15.
Bd2 Ne7 16. Nh4 Be4 17. Rf4 Bg6 18. Nxg6 Nxg6 19. Rg4 b6 20. h4 Kh8 21. cxb6
axb6 22. Bc1 f5 23. exf6 gxf6 24. h5 Ne7 25. Bd3 Rg8 26. Qf3 Nf5 27. Rxg8+ Rxg8
28. Bf4 Nxd4 29. cxd4 Qxd4+ 30. Kh2 Qxa1 31. Qe4 Kg7 32. Qxh7+ Kf8 33. Bh6+ Ke8
34. Qxg8+ Kd7 35. Qf7+ Kd8 36. Qxe6 Nb7 37. Bf8 Qd4 38. Be7+ Ke8 39. Bg6# 1-0

[Event "Internationaal Jeugdtoernooi Limburg 3"]
[Site "Blerick"]
[Date "1997.07.24"]
[Round "2"]
[White "Backhuis, Roel"]
[Black "Heltzel, Joost"]
[Result "0-1"]
[WhiteElo "1463"]
[BlackElo "1890"]
[PlyCount "56"]
[EventDate "1997.07.24"]
[EventType "swiss"]
[EventRounds "7"]
[EventCountry "NED"]
[Source "P.Boonen"]
[SourceDate "2009.01.01"]

1. d4 Nf6 2. c4 c5 3. Nf3 g6 4. Nc3 Bg7 5. e4 d6 6. dxc5 Qa5 7. Bd2 Qxc5 8. Be3
Qa5 9. Qd2 Nc6 10. Be2 O-O 11. O-O Ng4 12. Rac1 Nxe3 13. Qxe3 Be6 14. Rfd1 h6
15. Nd2 Nd4 16. a3 Nxe2+ 17. Qxe2 Rac8 18. Rc2 Qg5 19. Nf3 Bxc4 20. Nxg5 Bxe2
21. Rxe2 Bxc3 22. Nxf7 Bg7 23. Nxd6 exd6 24. g3 Rc6 25. Red2 Rf6 26. e5 dxe5
27. Rd8+ Bf8 28. R8d7 Rc2 0-1

[Event "Internationaal Jeugdtoernooi Limburg 3"]
[Site "Blerick"]
[Date "1997.07.24"]
[Round "2"]
[White "Berkvens, Joost"]
[Black "Bergez, Luc"]
[Result "1-0"]
[WhiteElo "2078"]
[BlackElo "2310"]
[PlyCount "51"]
[EventDate "1997.07.24"]
[EventType "swiss"]
[EventRounds "7"]
[EventCountry "NED"]
[Source "P.Boonen"]
[SourceDate "2009.01.01"]

1. e4 c5 2. Nf3 d6 3. d4 cxd4 4. Nxd4 Nf6 5. Nc3 g6 6. Be3 Bg7 7. f3 O-O 8. Qd2
Nc6 9. O-O-O d5 10. Kb1 Nxd4 11. e5 Nf5 12. exf6 exf6 13. Bc5 Re8 14. Bb5 Bd7
15. Qxd5 Bxb5 16. Qxd8 Raxd8 17. Nxb5 a6 18. Nc7 Rxd1+ 19. Rxd1 Rc8 20. Rd7 Nh4
21. Be7 Nxg2 22. Nd5 f5 23. Rxb7 Be5 24. Bb4 Rc4 25. Re7 Rd4 26. Re8+ 1-0

[Event "Internationaal Jeugdtoernooi Limburg 3"]
[Site "Blerick"]
[Date "1997.07.24"]
[Round "2"]
[White "Buzing, Pieter"]
[Black "Schilperoort, Jeroen"]
[Result "0-1"]
[WhiteElo "2072"]
[BlackElo "1613"]
[PlyCount "56"]
[EventDate "1997.07.24"]
[EventType "swiss"]
[EventRounds "7"]
[EventCountry "NED"]
[Source "P.Boonen"]
[SourceDate "2009.01.01"]

1. e4 c6 2. d4 d5 3. Nd2 dxe4 4. Nxe4 Nf6 5. Nxf6+ gxf6 6. c3 Bf5 7. Ne2 Nd7 8.
Ng3 Bg6 9. h4 h6 10. h5 Bh7 11. Bd3 Bxd3 12. Qxd3 Qc7 13. Be3 O-O-O 14. O-O-O
e6 15. Qe2 Rg8 16. Qf3 f5 17. Ne2 Nf6 18. Nf4 Qa5 19. Kb1 Ne4 20. Nd3 Qb5 21.
Ka1 Rd5 22. Ne5 Qa4 23. b3 Qa6 24. c4 Ra5 25. a4 Rxa4+ 26. bxa4 Qxa4+ 27. Kb1
Qb3+ 28. Ka1 Nc3 0-1

[Event "Internationaal Jeugdtoernooi Limburg 3"]
[Site "Blerick"]
[Date "1997.07.24"]
[Round "2"]
[White "De Jong, Jan Willem"]
[Black "Holtackers, Daan"]
[Result "1-0"]
[WhiteElo "1980"]
[BlackElo "1784"]
[PlyCount "101"]
[EventDate "1997.07.24"]
[EventType "swiss"]
[EventRounds "7"]
[EventCountry "NED"]
[Source "P.Boonen"]
[SourceDate "2009.01.01"]

1. e4 c5 2. Nf3 e6 3. d4 cxd4 4. Nxd4 Nf6 5. Nc3 d6 6. Be2 Be7 7. O-O O-O 8. f4
a6 9. a4 Nbd7 10. Qe1 Qc7 11. Bf3 Rb8 12. Kh1 b6 13. e5 dxe5 14. Nc6 Bd6 15.
Nxb8 Qxb8 16. fxe5 Nxe5 17. Bg5 Neg4 18. g3 Bb7 19. Qe2 h5 20. Qg2 Bc8 21. Rad1
Ne5 22. Bf4 Bc7 23. Bxe5 Bxe5 24. Rd3 Nh7 25. Rfd1 Ng5 26. Bc6 Qc7 27. b4 Qe7
28. b5 a5 29. Qd2 Bc7 30. Qe2 f5 31. Nd5 Qf7 32. Nxc7 Qxc7 33. Qxh5 Ne4 34. Kg2
Qe7 35. Qe2 Qc5 36. Bxe4 fxe4 37. Rd8 Bb7 38. Rxf8+ Qxf8 39. Qe3 Qc8 40. c3 Qc7
41. h4 Bd5 42. h5 Qf7 43. Rh1 Kh7 44. h6 g6 45. Rf1 Qe7 46. Kg1 g5 47. Qxb6
Kxh6 48. Qd4 Bb7 49. Qh8+ Kg6 50. Qg8+ Kh6 51. Qf7 1-0

[Event "Internationaal Jeugdtoernooi Limburg 3"]
[Site "Blerick"]
[Date "1997.07.24"]
[Round "2"]
[White "Gerritse, Xanthine"]
[Black "Paulus, Sami"]
[Result "0-1"]
[WhiteElo "1702"]
[BlackElo "1950"]
[PlyCount "84"]
[EventDate "1997.07.24"]
[EventType "swiss"]
[EventRounds "7"]
[EventCountry "NED"]
[Source "P.Boonen"]
[SourceDate "2009.01.01"]

1. Nf3 d5 2. b3 Nc6 3. e3 Nf6 4. Bb2 e6 5. Bb5 Bd7 6. O-O Bd6 7. d3 O-O 8. Nbd2
Re8 9. Bxc6 Bxc6 10. Ne5 Bd7 11. f4 c5 12. g4 Bc6 13. g5 Nd7 14. Qh5 Re7 15.
Rf3 Nf8 16. Nxc6 bxc6 17. Bf6 Qa5 18. Bxe7 Bxe7 19. Rf2 c4 20. dxc4 Bc5 21. Re2
d4 22. Ne4 dxe3 23. Nxc5 Qxc5 24. Qf3 Rd8 25. Qxe3 Qd6 26. Kf1 Ng6 27. Rf2 c5
28. Ke1 Kf8 29. Rd2 Qxd2+ 30. Qxd2 Rxd2 31. Kxd2 Nxf4 32. Ke3 Nh3 33. c3 Ke7
34. Rd1 Nxg5 35. b4 e5 36. Rd5 Ne6 37. Rxe5 Kd6 38. Rd5+ Kc6 39. a4 a6 40. b5+
axb5 41. cxb5+ Kxd5 42. a5 Nc7 0-1

[Event "Internationaal Jeugdtoernooi Limburg 3"]
[Site "Blerick"]
[Date "1997.07.24"]
[Round "2"]
[White "Hoogendoorn, Joost"]
[Black "Pietersma, Menno"]
[Result "1/2-1/2"]
[WhiteElo "2302"]
[BlackElo "2054"]
[PlyCount "100"]
[EventDate "1997.07.24"]
[EventType "swiss"]
[EventRounds "7"]
[EventCountry "NED"]
[Source "P.Boonen"]
[SourceDate "2009.01.01"]

1. g3 e6 2. Bg2 f5 3. d4 Nf6 4. Nf3 b6 5. O-O Bb7 6. c4 Be7 7. Nc3 d5 8. Bf4 c6
9. Qb3 O-O 10. a4 Ne4 11. a5 Ba6 12. axb6 axb6 13. cxd5 exd5 14. Rfc1 Bc4 15.
Rxa8 Bxb3 16. Rxb8 Qxb8 17. Bxb8 Rxb8 18. Ne5 c5 19. Nc6 Re8 20. Nxe4 dxe4 21.
Nxe7+ Rxe7 22. dxc5 bxc5 23. Rxc5 Rd7 24. Rxf5 Rd1+ 25. Bf1 Be6 26. g4 Bxf5 27.
gxf5 Kf7 28. e3 Rb1 29. Kg2 Kf6 30. Bc4 Rxb2 31. Bg8 h6 32. Bh7 Rb1 33. Bg6 Kg5
34. Bh7 h5 35. Bg6 h4 36. Bh7 Kg4 37. h3+ Kg5 38. Bg6 Kf6 39. Bh7 Ke5 40. Bg6
Kd5 41. Bf7+ Kc5 42. Bg8 Rd1 43. Bf7 Rd6 44. Kf1 Rf6 45. Bg6 Kc4 46. Ke2 Rb6
47. f6 Rb2+ 48. Kf1 gxf6 49. Bxe4 Kc3 50. Ke1 Kc4 1/2-1/2

[Event "Internationaal Jeugdtoernooi Limburg 3"]
[Site "Blerick"]
[Date "1997.07.24"]
[Round "2"]
[White "Leenhouts, Koen"]
[Black "Van Beek, Alexander"]
[Result "0-1"]
[WhiteElo "1735"]
[BlackElo "1970"]
[PlyCount "54"]
[EventDate "1997.07.24"]
[EventType "swiss"]
[EventRounds "7"]
[EventCountry "NED"]
[Source "P.Boonen"]
[SourceDate "2009.01.01"]

1. d4 d5 2. Nf3 c6 3. Bg5 Nf6 4. Bxf6 exf6 5. g3 Bd6 6. Bg2 O-O 7. O-O Be6 8.
Nbd2 f5 9. c3 Nd7 10. Ne1 f4 11. Nd3 fxg3 12. hxg3 f5 13. f4 Nf6 14. Bh3 Qe8
15. e3 Qg6 16. Kh2 Qh6 17. Kg2 g5 18. fxg5 Qxg5 19. Nf4 Bd7 20. Nf3 Qg7 21. Nh4
Ne4 22. Rf3 Rae8 23. Qe2 Bxf4 24. exf4 Nxc3 25. Qd3 Ne4 26. Rg1 Nd6 27. Kh2 Re4
0-1

[Event "Internationaal Jeugdtoernooi Limburg 3"]
[Site "Blerick"]
[Date "1997.07.24"]
[Round "2"]
[White "Morks, Ewout"]
[Black "Van Gils, Philip"]
[Result "0-1"]
[WhiteElo "1905"]
[BlackElo "1699"]
[PlyCount "102"]
[EventDate "1997.07.24"]
[EventType "swiss"]
[EventRounds "7"]
[EventCountry "NED"]
[Source "P.Boonen"]
[SourceDate "2009.01.01"]

1. e4 c5 2. Nf3 Nc6 3. d4 cxd4 4. Nxd4 e6 5. Nc3 Nf6 6. Ndb5 d6 7. Bf4 e5 8.
Bg5 a6 9. Na3 b5 10. Nd5 Qa5+ 11. b4 Qxa3 12. Bc1 Qa4 13. Nc7+ Kd8 14. Nxa8
Qxb4+ 15. Bd2 Qxe4+ 16. Qe2 Qd4 17. Rb1 Qa7 18. a4 Qxa8 19. axb5 Nd4 20. Ba5+
Ke7 21. Qc4 axb5 22. Qc7+ Ke6 23. Bxb5 Nxb5 24. Rxb5 Qe4+ 25. Kd1 Qd4+ 26. Kc1
Be7 27. Rd1 Qa1+ 28. Kd2 Qd4+ 29. Kc1 Qa4 30. Rb8 Ne4 31. f3 Qa1+ 32. Rb1 Qa3+
33. Rb2 Nc5 34. Kb1 Qa4 35. Rb6 Nb7 36. Bc3 Rd8 37. Rxb7 Bxb7 38. Qxb7 Qc4 39.
Bb2 Rc8 40. Qb3 Qxb3 41. cxb3 d5 42. Re1 f6 43. Bd4 h5 44. Kb2 Kf5 45. Bc3 d4
46. Bd2 d3 47. Bc3 Ba3+ 48. Kxa3 Rxc3 49. Rd1 e4 50. Kb2 Rc2+ 51. Kb1 Rxg2 0-1

[Event "Internationaal Jeugdtoernooi Limburg 3"]
[Site "Blerick"]
[Date "1997.07.24"]
[Round "2"]
[White "Schreiber, Christophe"]
[Black "Vinck, Martin"]
[Result "1-0"]
[WhiteElo "2100"]
[BlackElo "1708"]
[PlyCount "61"]
[EventDate "1997.07.24"]
[EventType "swiss"]
[EventRounds "7"]
[EventCountry "NED"]
[Source "P.Boonen"]
[SourceDate "2009.01.01"]

1. e4 c5 2. Nc3 Nc6 3. g3 e6 4. Bg2 g6 5. d3 Bg7 6. Be3 d6 7. Qd2 Nge7 8. Bh6
O-O 9. h4 Re8 10. Bxg7 Kxg7 11. h5 Rh8 12. h6+ Kf8 13. Nge2 Bd7 14. d4 Qb6 15.
O-O-O Rd8 16. dxc5 dxc5 17. Qg5 Qb4 18. Bh3 Ke8 19. a3 Qa5 20. e5 c4 21. f4 Nd5
22. Ne4 Nce7 23. Nd6+ Kf8 24. Nxb7 Qb6 25. Nxd8 Qxd8 26. Rxd5 exd5 27. Qf6 Rg8
28. e6 Bxe6 29. Bxe6 Qe8 30. Nd4 g5 31. f5 1-0

[Event "Internationaal Jeugdtoernooi Limburg 3"]
[Site "Blerick"]
[Date "1997.07.24"]
[Round "2"]
[White "Solakian, Jerome"]
[Black "Lemmers, Ruud"]
[Result "0-1"]
[WhiteElo "2215"]
[BlackElo "1971"]
[PlyCount "120"]
[EventDate "1997.07.24"]
[EventType "swiss"]
[EventRounds "7"]
[EventCountry "NED"]
[Source "P.Boonen"]
[SourceDate "2009.01.01"]

1. Nc3 c5 2. Nf3 d6 3. d4 cxd4 4. Nxd4 g6 5. e4 Nf6 6. Be3 Bg7 7. Qd2 O-O 8. f3
Nc6 9. O-O-O Nxd4 10. Bxd4 Be6 11. g4 Qa5 12. Kb1 Rfc8 13. Bxf6 Rxc3 14. Qxc3
Qxa2+ 15. Kc1 Bxf6 16. Qa3 Bg5+ 17. Rd2 Qxa3 18. bxa3 Rc8 19. Kd1 Bxd2 20. Kxd2
Rc5 21. Bd3 Ra5 22. Ra1 h5 23. h3 hxg4 24. hxg4 Kg7 25. Be2 f5 26. gxf5 gxf5
27. Ke3 Kf6 28. Bd3 fxe4 29. fxe4 Ke5 30. Rb1 b6 31. Ra1 Ra4 32. c3 Bd7 33. Bc2
Rc4 34. Kd2 Bc6 35. a4 Bxe4 36. a5 Bxc2 37. axb6 axb6 38. Kxc2 Kd5 39. Rb1 Kc5
40. Kd3 b5 41. Ra1 e5 42. Ra8 e4+ 43. Kd2 b4 44. cxb4+ Rxb4 45. Ke3 Kd5 46.
Ra5+ Kc6 47. Kf4 d5 48. Ra1 Kc5 49. Re1 Rb3 50. Ke5 Kc4 51. Rc1+ Rc3 52. Rd1
Rd3 53. Re1 e3 54. Kf4 d4 55. Ke4 Rd2 56. Kf3 Kd3 57. Ra1 Rf2+ 58. Kg3 Rc2 59.
Kf3 Kd2 60. Rb1 d3 0-1